00779 2200181 4500001002100000005001500021008004100036020001800077035001900095041000700114082001200121090001800133100003500151245003400186260003400220300003600254500030700290INLIS00000000000261520220725120644220725||||||||| | ||| |||| || |  a979-3702-59-1 0010-0722002615 aid0 a636.597 a636.597 Ran p0 aRANTO dan SITANGGANG, Maloedyn00aPanduan lengkap beternak Itik aDepokbGhalia Indonesiac2007 avi.,170 p.; fig., bibl.; 23 cm. aBuku ini menerangkan secara lengkap tentang beternak itik secara semi-intensif dan intensif. Dibahas juga tentang berbagai jenis usaha sehingga peternak bisa memilih usaha yang akan dijalankannya seperti menghasilkan telur konsumsi, usaha telur tetas, usaha pembesaran DOD atau usaha pengelolaan telor.